<?xml version="1.0" encoding="UTF-8"?>
<collection xmlns="http://www.loc.gov/MARC21/slim">
<record>
  <controlfield tag="001">162578</controlfield>
  <controlfield tag="005">20251017144620.0</controlfield>
  <datafield tag="024" ind1="7" ind2=" ">
    <subfield code="2">doi</subfield>
    <subfield code="a">10.4995/ia.2025.23846</subfield>
  </datafield>
  <datafield tag="024" ind1="8" ind2=" ">
    <subfield code="2">sideral</subfield>
    <subfield code="a">145085</subfield>
  </datafield>
  <datafield tag="037" ind1=" " ind2=" ">
    <subfield code="a">ART-2025-145085</subfield>
  </datafield>
  <datafield tag="041" ind1=" " ind2=" ">
    <subfield code="a">spa</subfield>
  </datafield>
  <datafield tag="100" ind1=" " ind2=" ">
    <subfield code="a">Salvador-Arracó, Daniel</subfield>
  </datafield>
  <datafield tag="245" ind1=" " ind2=" ">
    <subfield code="a">Evaluación del riesgo y análisis de la respuesta hidrológica del Barranco de la Muerte (Zaragoza) ante inundaciones repentinas mediante simulación numérica</subfield>
  </datafield>
  <datafield tag="260" ind1=" " ind2=" ">
    <subfield code="c">2025</subfield>
  </datafield>
  <datafield tag="506" ind1="0" ind2=" ">
    <subfield code="a">Access copy available to the general public</subfield>
    <subfield code="f">Unrestricted</subfield>
  </datafield>
  <datafield tag="520" ind1="3" ind2=" ">
    <subfield code="a">Se presenta un análisis de la respuesta hidrológica del Barranco de la Muerte (Zaragoza) frente a eventos de precipitación intensa y corta duración, mediante simulación numérica con RiverFlow2D, basado en un método explícito de volúmenes finitos. El modelo considera un MDT y distribución espacial de usos del suelo de alta resolución, la infiltración del terreno y la incorporación de estructuras hidráulicas singulares. Se simulan dos episodios reales y lluvias sintéticas en función de la duración y el periodo de retorno del evento, obteniendo valores de calado y velocidad del flujo, que permiten caracterizar el comportamiento del barranco ante este tipo de situaciones. Se generan mapas web de evaluación del riesgo para personas y vehículos. Los resultados confirman la elevada vulnerabilidad de esta zona y la importancia de elaborar medidas de mitigación y planificación de riesgos.

A hydrological response analysis of the Barranco de la Muerte (Zaragoza) to short-duration, high-intensity rainfall events is presented.The study is conducted through numerical simulation using RiverFlow2D, based on an explicit finite volume method. The model incorporates a high-resolution Digital Terrain Model (DTM), detailed spatial distribution of land uses, soil infiltration processes, and the incorporation of specific hydraulic structures. Two real storm events and several synthetic rainfall scenarios are simulated. The outputs include water depth and flow velocity distributions, enabling a thorough characterisation of the ravine’s behaviour under extreme precipitation conditions. Web-based hazard maps for pedestrians and vehicles are generated. The results emphasise the area’s high vulnerability and the critical need for the development of mitigation measures and risk management planning.</subfield>
  </datafield>
  <datafield tag="540" ind1=" " ind2=" ">
    <subfield code="9">info:eu-repo/semantics/openAccess</subfield>
    <subfield code="a">by-nc-sa</subfield>
    <subfield code="u">https://creativecommons.org/licenses/by-nc-sa/4.0/deed.es</subfield>
  </datafield>
  <datafield tag="655" ind1=" " ind2="4">
    <subfield code="a">info:eu-repo/semantics/article</subfield>
    <subfield code="v">info:eu-repo/semantics/publishedVersion</subfield>
  </datafield>
  <datafield tag="700" ind1=" " ind2=" ">
    <subfield code="a">Vallés, Pablo</subfield>
    <subfield code="u">Universidad de Zaragoza</subfield>
    <subfield code="0">(orcid)0000-0003-4444-778X</subfield>
  </datafield>
  <datafield tag="700" ind1=" " ind2=" ">
    <subfield code="a">Brufau, Pilar</subfield>
    <subfield code="u">Universidad de Zaragoza</subfield>
    <subfield code="0">(orcid)0000-0002-0415-0001</subfield>
  </datafield>
  <datafield tag="710" ind1="2" ind2=" ">
    <subfield code="1">5001</subfield>
    <subfield code="2">600</subfield>
    <subfield code="a">Universidad de Zaragoza</subfield>
    <subfield code="b">Dpto. Ciencia Tecnol.Mater.Fl.</subfield>
    <subfield code="c">Área Mecánica de Fluidos</subfield>
  </datafield>
  <datafield tag="773" ind1=" " ind2=" ">
    <subfield code="g">29, 3 (2025), 213-228</subfield>
    <subfield code="p">Ing. agua</subfield>
    <subfield code="t">Ingeniería del agua</subfield>
    <subfield code="x">1134-2196</subfield>
  </datafield>
  <datafield tag="856" ind1="4" ind2=" ">
    <subfield code="s">2712203</subfield>
    <subfield code="u">http://zaguan.unizar.es/record/162578/files/texto_completo.pdf</subfield>
    <subfield code="y">Versión publicada</subfield>
  </datafield>
  <datafield tag="856" ind1="4" ind2=" ">
    <subfield code="s">2037833</subfield>
    <subfield code="u">http://zaguan.unizar.es/record/162578/files/texto_completo.jpg?subformat=icon</subfield>
    <subfield code="x">icon</subfield>
    <subfield code="y">Versión publicada</subfield>
  </datafield>
  <datafield tag="909" ind1="C" ind2="O">
    <subfield code="o">oai:zaguan.unizar.es:162578</subfield>
    <subfield code="p">articulos</subfield>
    <subfield code="p">driver</subfield>
  </datafield>
  <datafield tag="951" ind1=" " ind2=" ">
    <subfield code="a">2025-10-17-14:21:14</subfield>
  </datafield>
  <datafield tag="980" ind1=" " ind2=" ">
    <subfield code="a">ARTICLE</subfield>
  </datafield>
</record>
</collection>